000 00747cam a2200253 4500
999 _c4903
_d4903
001 2657754
003 GBCCL
005 20241126110529.0
008 700720s1970 miub b 000 0 engd
010 _a 71122967
040 _aDLC
_cDLC
_dDLC
050 0 0 _aBS647.2
_b.L5
082 0 0 _a220.15
_bLIN
100 1 _aLindsey, Hal.
_9271
245 1 4 _aThe late great planet earth,
_cby Hal Lindsey, with C. C. Carlson.
260 _aGrand Rapids,
_bZondervan
_c[1970]
300 _a192 p.
_bmaps.
_c22 cm.
350 _a3.95
504 _aIncludes bibliographical references.
630 0 _aBible
_xProphecies.
_9457
700 1 _aCarlson, Carole C.,
_ejoint author.
_9273
906 _a7
_bcbc
_corignew
_d2
_encip
_f19
_gy-gencatlg
942 _2ddc
_cBK
_01